00321nam a2200133Ia 4500008004100000020001500041041000800056082001800064100002200082245003000104260003600134300000800170650000900178210716s2005 xx 000 0 und d a8178294958 aeng a338.0954 SARD asarkar, Debashis. aIndia business quiz book. aNew DelhibResponse Booksc2005 a158 aQuiz